000 00494nam a2200157Ia 4500
008 220531s9999 xx 000 0 und d
041 _amar
100 _aचावरे यशवंत
_952879
245 _aअनुसूचित जाती जमातीचे कल्‍याण सुरक्षित कायदे
260 _bManovikas
_c2008
300 _a180
542 _d22-12-2009
650 _aSociology
_952880
906 _d2009-2010
999 _c30661
_d30661